00493nam a2200181Ia 450000500170000000800410001702000230005804000190008104100120010008200190011210000150013124500300014626000540017630000120023050400400024265000190028285000100030120220706152727.0131103s9999 xx 000 0 und d a8176636525cRs. 95 aLoreto College aEnglish a305.91411bKAR aKar, P. K. aIndian societycP. K. Kar aLudhianabKalyani Publishersc1998(2004 printing) a381 p.  aIncludes bibliographical references aIndian Socity  aLCLIB